000 01020cam a2200253 a 4500
999 _c3204
_d3204
003 OSt
005 20210901092233.0
008 090519s2010 nyuab b 001 0 eng
020 _a9780393927092 (pbk.)
020 _a0393927091 (pbk.)
040 _cALUPE UNIVERSITY
050 0 0 _aJZ124
_b.F74 2010
100 1 _aFrieden, Jeffry A.
245 1 0 _aWorld politics :
_binterests, interactions, institutions /
_cJeffry A. Frieden, David A. Lake, Kenneth A. Schultz.
260 _aNew York :
_bW.W. Norton,
_cc2010.
300 _axxx, 530, A-32 p. :
_bill. (some col.), maps (some col.) ;
_c24 cm.
504 _aIncludes bibliographical references and index.
650 0 _aInternational relations.
700 1 _aLake, David A.,
_d1956-
700 1 _aSchultz, Kenneth A.
906 _a7
_bcbc
_corignew
_d1
_eecip
_f20
_gy-gencatlg
942 _2lcc
_cBK
_nPW